[Event "PRO League Group Stage"]
[Site "chess.com INT"]
[Date "2018.02.28"]
[Round "8"]
[White "Sevian, Samuel"]
[Black "Smirnov, Anton"]
[Result "1-0"]
[WhiteTitle "GM"]
[BlackTitle "GM"]
[WhiteElo "2614"]
[BlackElo "2527"]
[WhiteTeam "San Diego Surfers"]
[BlackTeam "Australia Kangaroos"]
[WhiteFideId "2040506"]
[BlackFideId "3208923"]
[EventDate "2018.01.18"]

1. e4 e5 2. Nf3 Nf6 3. Nxe5 d6 4. Nf3 Nxe4 5. Nc3 Nxc3 6. dxc3 Be7 7. Be3 Nd7 8.
Qd2 O-O 9. O-O-O c6 10. h4 Re8 11. Kb1 Nf6 12. Bd3 d5 13. Ng5 Bd6 14. c4 h6 15.
cxd5 hxg5 16. hxg5 Nxd5 17. Bh7+ Kf8 18. Bd4 b5 19. Rh4 Be6 20. Be4 Ke7 21. f4
Qd7 22. Bxg7 Kd8 23. f5 Bxf5 24. Bxd5 cxd5 25. Qxd5 Kc7 26. Rhd4 Rad8 27. Bf6
Be6 28. Qf3 Qc6 29. Bxd8+ Rxd8 30. Qf6 Qxg2 31. R4d3 Rd7 32. a4 b4 33. b3 Qe4
34. Qh8 Bc5 35. Rxd7+ Bxd7 36. Qf6 Qe6 37. Qf4+ Kb7 38. Rf1 Be8 39. Qf3+ Kc7 40.
Qf4+ Bd6 41. Qd4 Kb7 42. Ka2 Be7 43. Qf4 Qc6 44. Kb1 Bd8 45. Re1 a5 46. Rf1 Kc8
47. Qf5+ Kb7 48. Qf4 Bc7 49. Qf5 Qd6 50. Qe4+ Bc6 51. Qe3 Bd5 52. Rd1 Qc6 53.
Re1 Bb6 54. Qd3 Bc7 55. Qe3 Qd6 56. Rd1 Qe6 57. Qc5 Bc6 58. Qd4 Qf5 59. Qe3 Be4
60. Qd2 Bc6 61. Re1 Qg4 62. Qe3 Qf5 63. Qd2 Kc8 64. Qe3 Bd8 65. Qe2 Qxg5 66.
Qa6+ Bb7 67. Qd6 Qd5 68. Qf4 Qd7 69. Rf1 Bd5 70. Rd1 Qc6 71. Qd4 Bc7 72. Qxd5
Qxd5 73. Rxd5 f6 74. Kc1 Kb7 75. Kd2 Kc6 76. Rb5 Be5 77. Rxa5 Kb6 78. Rb5+ Kc6
79. Kd3 1-0

[Event "PRO League Group Stage"]
[Site "chess.com INT"]
[Date "2018.02.28"]
[Round "8"]
[White "Xiong, Jeffery"]
[Black "Yu, Yangyi"]
[Result "1/2-1/2"]
[WhiteTitle "GM"]
[BlackTitle "GM"]
[WhiteElo "2634"]
[BlackElo "2760"]
[WhiteTeam "Dallas Destiny"]
[BlackTeam "Chengdu Pandas"]
[WhiteFideId "2047640"]
[BlackFideId "8603820"]
[EventDate "2018.01.18"]

1. d4 d5 2. c4 e6 3. Nf3 Nf6 4. g3 dxc4 5. Bg2 Nc6 6. Qa4 Bb4+ 7. Bd2 Nd5 8.
Bxb4 Nxb4 9. Nc3 Bd7 10. O-O a5 11. Qd1 O-O 12. e3 a4 13. Nxa4 Nxd4 14. Qxd4
Rxa4 15. Qxc4 Bc6 16. b3 Rxa2 17. Qxb4 Rxa1 18. Rxa1 Bxf3 19. Bxf3 Qf6 20. Ra7
Qxf3 21. Qxb7 1/2-1/2

[Event "PRO League Group Stage"]
[Site "chess.com INT"]
[Date "2018.02.28"]
[Round "8"]
[White "Dreev, Aleksey"]
[Black "Tan, Zhongyi"]
[Result "1-0"]
[WhiteTitle "GM"]
[BlackTitle "GM"]
[WhiteElo "2653"]
[BlackElo "2523"]
[WhiteTeam "San Diego Surfers"]
[BlackTeam "Australia Kangaroos"]
[WhiteFideId "4100107"]
[BlackFideId "8603642"]
[EventDate "2018.01.18"]

1. d4 Nf6 2. Nf3 d5 3. c4 e6 4. Nc3 Bb4 5. cxd5 exd5 6. Bg5 h6 7. Bxf6 Qxf6 8.
Qa4+ Nc6 9. e3 O-O 10. Be2 Be6 11. O-O a6 12. Rfc1 Bd6 13. Qd1 Ne7 14. a3 g5 15.
Ne1 Ng6 16. Nd3 c6 17. Na4 Rae8 18. Nac5 Bc8 19. Bg4 Qe7 20. Bxc8 Rxc8 21. b4 f5
22. a4 f4 23. Qh5 Kh7 24. exf4 Nxf4 25. Nxf4 Rxf4 26. Re1 Qf7 27. Qxf7+ Rxf7 28.
Re6 Bxc5 29. bxc5 a5 30. f3 Rcc7 31. Rae1 Rf4 32. Rd1 Rcf7 33. h3 h5 34. Kf2 g4
35. hxg4 hxg4 36. Rd3 Kg7 37. Kg3 gxf3 38. gxf3 Kf8 39. Re5 R7f6 40. Rg5 Rf7 41.
Rg4 Rxg4+ 42. fxg4 Re7 43. Kf4 Re1 44. Kf5 Kf7 45. Rb3 Rf1+ 46. Ke5 Re1+ 47. Kd6
Re7 48. g5 Ke8 49. g6 Rg7 50. Rg3 Kf8 51. Rg2 Ke8 52. Ke6 Re7+ 53. Kf6 Re4 54.
g7 Rf4+ 55. Ke6 1-0

[Event "PRO League Group Stage"]
[Site "chess.com INT"]
[Date "2018.02.28"]
[Round "8"]
[White "Kovalenko, Igor"]
[Black "Swapnil, S. Dhopade"]
[Result "0-1"]
[WhiteTitle "GM"]
[BlackTitle "GM"]
[WhiteElo "2635"]
[BlackElo "2533"]
[WhiteTeam "Riga Magicians"]
[BlackTeam "Mumbai Movers"]
[WhiteFideId "14117908"]
[BlackFideId "5019184"]
[EventDate "2018.01.18"]

1. d4 Nf6 2. Nf3 d5 3. e3 c5 4. dxc5 e6 5. a3 Bxc5 6. b4 Be7 7. Bb2 O-O 8. Nbd2
b6 9. Be2 Bb7 10. O-O a5 11. b5 Nbd7 12. c4 Rc8 13. Rc1 Nc5 14. Ne5 Bd6 15. cxd5
Bxd5 16. Ndc4 Bb8 17. Bd4 Ncd7 18. f3 Nxe5 19. Nxe5 Nd7 20. Nc6 Bxc6 21. bxc6
Qc7 22. f4 Nc5 23. Bf3 Qe7 24. Rb1 e5 25. fxe5 Bxe5 26. Rxb6 Rfd8 27. Bg4 Bxd4
28. exd4 Qe3+ 29. Kh1 Rxd4 30. Qf3 Qxf3 31. gxf3 Ne6 32. Rc1 Rd6 33. Ra6 g6 34.
Bxe6 Rxe6 35. Kg2 Kg7 36. Rc5 Kf6 37. a4 Rc7 38. h4 h5 39. Kg3 Ke7 40. Rc4 Re5
41. Kf4 Rf5+ 42. Ke4 Kd6 43. Rd4+ Ke6 44. f4 Rc5 45. f5+ gxf5+ 46. Kf4 R7xc6 47.
Rxc6+ Rxc6 48. Kg5 Rb6 49. Rd8 Rb4 50. Re8+ Kd7 51. Re5 Rxa4 52. Rxf5 Ke7 53.
Kxh5 Ra1 54. Kg5 a4 55. Ra5 a3 56. Ra7+ Kf8 57. Kh6 a2 58. h5 f5 59. Kh7 f4 60.
h6 f3 61. Kh8 f2 62. h7 f1=Q 63. Rg7 Qh1 64. Rg8+ Ke7 65. Rg7+ Ke6 66. Rg6+ Kf5
67. Kg7 Qxh7+ 68. Kxh7 Rh1+ 69. Rh6 Rxh6+ 70. Kxh6 a1=Q 0-1

[Event "PRO League Group Stage"]
[Site "chess.com INT"]
[Date "2018.02.28"]
[Round "8"]
[White "Grandelius, Nils"]
[Black "Hemant, Sharma2"]
[Result "1/2-1/2"]
[WhiteTitle "GM"]
[BlackTitle "IM"]
[WhiteElo "2647"]
[BlackElo "2348"]
[WhiteTeam "Norway Gnomes"]
[BlackTeam "Delhi Dynamite"]
[WhiteFideId "1710400"]
[BlackFideId "5025842"]
[EventDate "2018.01.18"]

1. e4 c5 2. Nf3 d6 3. d4 cxd4 4. Nxd4 Nf6 5. Nc3 a6 6. Bc4 e6 7. Bb3 b5 8. O-O
Be7 9. Qf3 Qc7 10. Qg3 O-O 11. Bh6 Ne8 12. a3 Bf6 13. Be3 Bb7 14. Rad1 Nc6 15.
Rfe1 Nxd4 16. Bxd4 Bxd4 17. Rxd4 Bc6 18. f4 a5 19. Qf2 Rb8 20. e5 b4 21. axb4
Rxb4 22. Rxb4 axb4 23. Na2 Qb7 24. Qd2 dxe5 25. fxe5 Nc7 26. Nxb4 Bxg2 27. Qxg2
Qxb4 28. Re4 Qa5 29. Qf1 Nd5 30. Ra4 Qd2 31. Bxd5 exd5 32. Rf4 1/2-1/2

[Event "PRO League Group Stage"]
[Site "chess.com INT"]
[Date "2018.02.28"]
[Round "8"]
[White "Lalith, Babu M R"]
[Black "Gonzalez, Francisco Silva"]
[Result "1-0"]
[WhiteTitle "GM"]
[WhiteElo "2542"]
[BlackElo "2076"]
[WhiteTeam "Delhi Dynamite"]
[BlackTeam "Norway Gnomes"]
[WhiteFideId "5024595"]
[BlackFideId "1512285"]
[EventDate "2018.01.18"]

1. Nf3 d5 2. d4 Nf6 3. c4 e6 4. g3 dxc4 5. Bg2 Nc6 6. O-O Rb8 7. Bg5 Be7 8. Nc3
O-O 9. e3 b6 10. Qa4 Na5 11. Ne5 h6 12. Bxf6 Bxf6 13. Rfd1 Bxe5 14. dxe5 Qe7 15.
Rac1 Qc5 16. b4 cxb3 17. Nd5 Qxd5 18. Bxd5 exd5 19. axb3 c5 20. Rxd5 Be6 21. Rd3
Rbd8 22. Rcc3 Bf5 23. Rxd8 Rxd8 24. b4 cxb4 25. Qxb4 Rd1+ 26. Kg2 Bd3 27. Rc7
Bf1+ 28. Kf3 Bd3 29. Qe7 Bg6 30. e6 1-0

[Event "PRO League Group Stage"]
[Site "chess.com INT"]
[Date "2018.02.28"]
[Round "8"]
[White "Holt, Conrad"]
[Black "Li, Chao b"]
[Result "0-1"]
[WhiteTitle "GM"]
[BlackTitle "GM"]
[WhiteElo "2578"]
[BlackElo "2732"]
[WhiteTeam "Dallas Destiny"]
[BlackTeam "Chengdu Pandas"]
[WhiteFideId "2034387"]
[BlackFideId "8604436"]
[EventDate "2018.01.18"]

1. d4 Nf6 2. c4 c6 3. Nc3 d5 4. Nf3 g6 5. cxd5 cxd5 6. Bf4 Bg7 7. e3 Nc6 8. Bb5
O-O 9. O-O Nh5 10. Bg5 h6 11. Bh4 g5 12. Nd2 Nf6 13. Bg3 Bd7 14. f4 gxf4 15.
Bxf4 Bf5 16. Qe1 Bg6 17. Qh4 Nh5 18. Nf3 e6 19. Qxd8 Rfxd8 20. Bxc6 bxc6 21. Be5
Nf6 22. Rac1 Nd7 23. Bxg7 Kxg7 24. Na4 Bd3 25. Rf2 f6 26. Nc5 Nxc5 27. Rxc5 Rdc8
28. Ra5 Rc7 29. Nd2 Bc2 30. Rc5 Bd3 31. Rc3 Bg6 32. Nb3 Kf7 33. Nc5 a5 34. Rf1
a4 35. Ra3 Rca7 36. g4 Ke7 37. Kf2 h5 38. Rg1 Kd6 39. g5 fxg5 40. Rxg5 Rf8+ 41.
Ke1 Bb1 42. Rg1 Raf7 43. Rxa4 e5 44. Kd2 Rf2+ 45. Kc3 exd4+ 46. exd4 R8f3+ 47.
Kb4 Rxb2+ 48. Ka5 Rf8 49. Nb3 Bxa2 50. Rg6+ Ke7 0-1

[Event "PRO League Group Stage"]
[Site "chess.com INT"]
[Date "2018.02.28"]
[Round "8"]
[White "Urkedal, Frode"]
[Black "Matinian, Nikita"]
[Result "1/2-1/2"]
[WhiteTitle "GM"]
[BlackTitle "GM"]
[WhiteElo "2572"]
[BlackElo "2491"]
[WhiteTeam "Oslo Trolls"]
[BlackTeam "Volga Stormbringers"]
[WhiteFideId "1506102"]
[BlackFideId "24129100"]
[EventDate "2018.01.18"]

1. d4 d6 2. e4 Nf6 3. Nc3 g6 4. Nf3 Bg7 5. Be2 O-O 6. O-O Bg4 7. Be3 Nc6 8. h3
Bxf3 9. Bxf3 e5 10. dxe5 dxe5 11. Ne2 Qxd1 12. Rfxd1 Rfd8 13. c3 a5 14. a4 Bf8
15. Ng3 Rxd1+ 16. Rxd1 Rd8 17. Kf1 h5 18. Ke1 Rxd1+ 19. Kxd1 Nd7 20. Kc2 Bc5 21.
Nf1 Kf8 22. Be2 Ke7 23. Bb5 Kd6 24. f3 f6 25. Bxc5+ Kxc5 26. Ne3 Nb6 27. h4 Ne7
28. Be8 Nbc8 29. g4 Nd6 30. gxh5 Nxe8 31. h6 Nd6 32. h7 Nf7 33. Ng4 f5 34. Nxe5
Nh8 35. Kd3 Nc6 36. Nxc6 Kxc6 37. e5 Kd5 38. f4 c5 39. b3 b6 40. Ke3 Ke6 41. Kd3
Kd5 42. Ke3 Ke6 43. Ke2 Nf7 44. Kf3 Ke7 45. Kg3 Kf8 46. e6 Nh8 47. h5 Ke7 48.
Kh4 Kxe6 49. hxg6 Nxg6+ 50. Kg5 Nh8 51. c4 Nf7+ 52. Kg6 Nh8+ 53. Kg7 Ke7 54. Kg8
Kf6 55. Kf8 Ng6+ 56. Kg8 Nh8 57. Kf8 Kg6 58. Kg8 Kf6 59. Kf8 Ng6+ 60. Kg8 Ne7+
61. Kf8 Ng6+ 62. Kg8 Nh8 1/2-1/2

[Event "PRO League Group Stage"]
[Site "chess.com INT"]
[Date "2018.02.28"]
[Round "8"]
[White "Wheeler, Cameron"]
[Black "Tiglon, Bryce"]
[Result "1-0"]
[WhiteTitle "IM"]
[BlackTitle "IM"]
[WhiteElo "2392"]
[BlackElo "2385"]
[WhiteTeam "San Jose Hackers"]
[BlackTeam "Seattle Sluggers"]
[WhiteFideId "2060531"]
[BlackFideId "2087456"]
[EventDate "2018.01.18"]

1. Nf3 c5 2. c4 Nc6 3. Nc3 e5 4. g3 g6 5. Bg2 Bg7 6. a3 a5 7. d3 Nge7 8. Nd2 d6
9. Nf1 O-O 10. Ne3 h6 11. O-O Rb8 12. Bd2 b6 13. Ned5 Bb7 14. Qa4 Nxd5 15. Bxd5
Ne7 16. Bxb7 Rxb7 17. b4 axb4 18. axb4 Qc7 19. Qa6 cxb4 20. Nb5 Qc6 21. Bxb4 Rd7
22. Nc3 f5 23. Qb5 Qxb5 24. Nxb5 Nc8 25. Ra8 Rfd8 26. Rfa1 Kf7 27. Rxc8 Rxc8 28.
Nxd6+ Rxd6 29. Bxd6 Ke6 30. Bb4 Bf6 31. Ra6 Bd8 32. Bd2 Kd7 33. Bxh6 Kc6 34. Be3
Bc7 35. Kg2 Rd8 36. Kf3 Kb7 37. Ra2 Kc6 38. Bg5 Re8 39. e4 Rh8 40. h4 Rh7 41.
Ra8 Rd7 42. Ke3 Bd6 43. Rg8 Bc5+ 44. Ke2 fxe4 45. dxe4 Rd4 46. Rxg6+ Kd7 47. Be3
Rxc4 48. h5 Bxe3 49. Kxe3 Rc8 50. Rxb6 Ke7 51. h6 Kf7 52. h7 Kg7 53. Rb7+ Kf6
54. Kf3 Rd8 55. Kg4 Kg6 56. f4 Kf6 57. Kh5 1-0

[Event "PRO League Group Stage"]
[Site "chess.com INT"]
[Date "2018.02.28"]
[Round "8"]
[White "Neiksans, Arturs"]
[Black "Parnali, S Dharia"]
[Result "1-0"]
[WhiteTitle "GM"]
[BlackTitle "WIM"]
[WhiteElo "2582"]
[BlackElo "2082"]
[WhiteTeam "Riga Magicians"]
[BlackTeam "Mumbai Movers"]
[WhiteFideId "11601388"]
[BlackFideId "5043131"]
[EventDate "2018.01.18"]

1. e4 e5 2. Nf3 Nc6 3. Bb5 a6 4. Ba4 Nf6 5. d3 b5 6. Bb3 Bc5 7. Nc3 h6 8. Nd5 d6
9. c3 O-O 10. a4 Bb7 11. g4 Nxg4 12. Rg1 Bxf2+ 13. Ke2 Bxg1 14. Qxg1 Ne7 15.
Nxe7+ Qxe7 16. Qxg4 Qf6 17. Be3 bxa4 18. Bxa4 Bc8 19. Qg3 Rb8 20. b4 Rd8 21. Rg1
Be6 22. Qh4 Qxh4 23. Nxh4 Kf8 24. Bc6 Bd7 25. Bd5 c6 26. Bc4 Ra8 27. Bb6 Rdc8
28. Nf5 Bxf5 29. exf5 d5 30. Bb3 f6 31. c4 d4 32. c5 Rab8 33. Ra1 Ra8 34. h4
Rcb8 35. h5 Rb7 36. Kf3 Ke8 37. Ke4 Re7 38. Bc4 Kd7 39. Bxa6 Ree8 40. Ra5 Reb8
41. Bc4 Ke7 42. Be6 Rxa5 43. bxa5 Ra8 44. Bc4 Kd7 45. Be6+ Ke7 46. Kf3 Ke8 47.
Ke2 Ke7 48. Kd2 Ke8 49. Kc2 Ke7 50. Kb3 Ke8 51. Bc4 Kd7 52. a6 Ke7 53. Kb4 Kd7
54. a7 Kc8 55. Ka5 Kd7 56. Ka6 e4 57. dxe4 Re8 58. Kb7 d3 59. Bxd3 g5 60. fxg6
Ke6 61. a8=Q Rxa8 62. Kxa8 Ke7 63. Kb7 Kf8 64. Kxc6 Kg7 65. Kd7 Kh8 66. c6 Kg8
67. c7 Kg7 68. c8=Q 1-0

[Event "PRO League Group Stage"]
[Site "chess.com INT"]
[Date "2018.02.28"]
[Round "8"]
[White "Aleskerov, Faik"]
[Black "Chjumachenko, Andrey"]
[Result "1/2-1/2"]
[BlackTitle "FM"]
[WhiteElo "2315"]
[BlackElo "2327"]
[WhiteTeam "San Jose Hackers"]
[BlackTeam "Seattle Sluggers"]
[WhiteFideId "13401262"]
[BlackFideId "4119975"]
[EventDate "2018.01.18"]

1. e4 c5 2. a3 e5 3. b4 cxb4 4. axb4 Bxb4 5. Bb2 Nc6 6. Qg4 Kf8 7. Nh3 d5 8. Qg3
Nf6 9. exd5 Qxd5 10. Nc3 Bxc3 11. Qxc3 Qe4+ 12. Kd1 Bf5 13. f3 Qd5 14. Ng5 Bg6
15. Bc4 Qd7 16. Re1 h6 17. Ne4 Nxe4 18. fxe4 Kg8 19. Bd5 Kh7 20. Qg3 f6 21. h4
Bf7 22. c4 Nd4 23. Bxd4 exd4 24. Qd3 Rhe8 25. Qxd4 Qg4+ 26. Kc2 Bxd5 27. Qxd5
Re5 28. Qxb7 Rae8 29. Rxa7 Rxe4 30. Rxe4 Rxe4 31. d3 Qe2+ 32. Kc3 Qe1+ 33. Kb3
Qb1+ 34. Kc3 Qc1+ 35. Kb3 Qb1+ 36. Kc3 Qc1+ 37. Kb3 Qb1+ 1/2-1/2

[Event "PRO League Group Stage"]
[Site "chess.com INT"]
[Date "2018.03.07"]
[Round "9"]
[White "Andreikin, Dmitry"]
[Black "Gupta, Abhijeet"]
[Result "1-0"]
[WhiteTitle "GM"]
[BlackTitle "GM"]
[WhiteElo "2712"]
[BlackElo "2610"]
[WhiteTeam "Volga Stormbringers"]
[BlackTeam "Delhi Dynamite"]
[WhiteFideId "4158814"]
[BlackFideId "5010608"]
[EventDate "2018.01.18"]

1. Nf3 Nf6 2. b3 g6 3. Bb2 Bg7 4. g3 O-O 5. Bg2 d6 6. d4 c5 7. O-O cxd4 8. Nxd4
d5 9. c4 e5 10. Nb5 a6 11. N5c3 d4 12. Nd5 Nc6 13. e4 b5 14. Ba3 Re8 15. Nd2 Be6
16. Rc1 Rc8 17. h3 Bh6 18. f4 bxc4 19. Nxc4 Bxd5 20. exd5 Nxd5 21. Bxd5 Qxd5 22.
Nb6 Qe6 23. Nxc8 Rxc8 24. Qg4 f5 25. Qe2 e4 26. Qxa6 d3 27. Rfd1 Bg7 28. b4 Bd4+
29. Kh1 Kf7 30. b5 Ne7 31. Bxe7 Qxa6 32. bxa6 Rxc1 33. Rxc1 Kxe7 34. Kg2 e3 35.
Kf1 Bb6 36. Rb1 Bd4 37. Rb3 d2 38. Ke2 Kd6 39. Rd3 1-0

[Event "PRO League Group Stage"]
[Site "chess.com INT"]
[Date "2018.03.07"]
[Round "9"]
[White "Andreikin, Dmitry"]
[Black "Tania, Sachdev"]
[Result "1/2-1/2"]
[WhiteTitle "GM"]
[BlackTitle "IM"]
[WhiteElo "2712"]
[BlackElo "2402"]
[WhiteTeam "Volga Stormbringers"]
[BlackTeam "Delhi Dynamite"]
[WhiteFideId "4158814"]
[BlackFideId "5007844"]
[EventDate "2018.01.18"]

1. Nf3 Nf6 2. b3 d6 3. d4 g6 4. Bb2 Bg7 5. g3 O-O 6. Bg2 Nbd7 7. O-O c5 8. c4
cxd4 9. Nxd4 Nc5 10. Nc3 a6 11. Qd2 Rb8 12. Rfd1 Ne6 13. Nc2 b5 14. Nb4 Bb7 15.
cxb5 axb5 16. Rac1 Bxg2 17. Kxg2 Qb6 18. Ncd5 Nxd5 19. Nxd5 Qb7 20. Rc6 Bxb2 21.
Rb6 Qxd5+ 1/2-1/2

[Event "PRO League Group Stage"]
[Site "chess.com INT"]
[Date "2018.03.07"]
[Round "9"]
[White "Gupta, Abhijeet"]
[Black "Sharafiev, Azat"]
[Result "1-0"]
[WhiteTitle "GM"]
[BlackTitle "IM"]
[WhiteElo "2610"]
[BlackElo "2432"]
[WhiteTeam "Delhi Dynamite"]
[BlackTeam "Volga Stormbringers"]
[WhiteFideId "5010608"]
[BlackFideId "4186214"]
[EventDate "2018.01.18"]

1. d4 e6 2. c4 b6 3. e4 Bb7 4. Bd3 Bb4+ 5. Bd2 Bxd2+ 6. Qxd2 f5 7. Nc3 Nf6 8. f3
Nc6 9. Nge2 fxe4 10. fxe4 e5 11. d5 Ne7 12. O-O-O d6 13. Qg5 Ng6 14. Ng3 Nd7 15.
Qe3 Nc5 16. Nf5 Qd7 17. Be2 O-O 18. g3 Bc8 19. h4 Nxe4 20. Nxe4 Qxf5 21. h5 Ne7
22. Rdf1 Qd7 23. Rxf8+ Kxf8 24. Rf1+ Kg8 25. Qg5 h6 26. Nf6+ Kh8 27. Nxd7 hxg5
28. Rf8+ Kh7 29. Bd3+ g6 30. Rf7+ Kh6 31. Nf6 g4 32. Rh7+ Kg5 33. Ne4+ Kf5 34.
Rf7# 1-0

[Event "PRO League Group Stage"]
[Site "chess.com INT"]
[Date "2018.03.07"]
[Round "9"]
[White "Gupta, Abhijeet"]
[Black "Demidov, Mikhail"]
[Result "1/2-1/2"]
[WhiteTitle "GM"]
[BlackTitle "IM"]
[WhiteElo "2610"]
[BlackElo "2523"]
[WhiteTeam "Delhi Dynamite"]
[BlackTeam "Volga Stormbringers"]
[WhiteFideId "5010608"]
[BlackFideId "4197143"]
[EventDate "2018.01.18"]

1. d4 e6 2. Nf3 Nf6 3. Bf4 c5 4. e3 Nc6 5. Nbd2 d5 6. c3 Nh5 7. Bg5 Be7 8. Bxe7
Qxe7 9. Bb5 Bd7 10. Bxc6 Bxc6 11. Ne5 Nf6 12. Nxc6 bxc6 13. Qa4 Rc8 14. O-O O-O
15. Nb3 c4 16. Nc5 Ne8 17. e4 Nd6 18. e5 Nb5 19. Qc2 f6 20. Rfe1 f5 21. b3 Rb8
22. bxc4 Na3 23. Qa4 Nxc4 24. Qxc6 Kf7 25. Rab1 Rb6 26. Qd7 Rfb8 27. Rxb6 axb6
28. Qxe7+ Kxe7 29. Nd3 Ra8 30. Re2 g5 31. g3 Na3 32. Rb2 Nc4 33. Rc2 Na3 34. Rc1
Nb5 35. Rb1 Nxc3 36. Rxb6 Rxa2 37. Kg2 Ne4 38. Rb7+ Ke8 39. h4 h6 40. h5 g4 41.
Nb2 Ng5 42. Rb8+ Ke7 43. Rb7+ Kd8 44. Nd3 Ra1 45. Nf4 Nf3 46. Ne2 Re1 47. Rb2
Kc7 48. Rc2+ Kb6 49. Rb2+ Ka5 50. Ra2+ Kb4 51. Rc2 Ka4 52. Rb2 Ka5 53. Ra2+ Kb5
54. Rc2 Kb4 55. Rb2+ Kc4 56. Ra2 Rb1 57. Ra3 Ne1+ 58. Kh2 Kb4 59. Re3 Nf3+ 60.
Kg2 Ng5 61. Nf4 Rd1 62. Nd3+ Kc3 63. Nf4+ Kxd4 64. Ne2+ Kc5 65. Rc3+ Kb6 66.
Rb3+ Kc7 67. Rc3+ Kd7 68. Ra3 Kc6 69. Ra6+ Kb7 70. Ra3 Re1 71. Nd4 Rd1 72. Rb3+
Ka6 73. Rb4 Rd2 74. Nc6 Nf3 75. Nb8+ Ka5 76. Nc6+ Ka6 77. Nb8+ Ka7 78. Nc6+ Ka6
79. Nb8+ Ka5 80. Nc6+ Ka6 1/2-1/2

[Event "PRO League Group Stage"]
[Site "chess.com INT"]
[Date "2018.03.07"]
[Round "9"]
[White "Ladva, Ottomar"]
[Black "Carlsen, Magnus"]
[Result "1/2-1/2"]
[WhiteTitle "GM"]
[BlackTitle "GM"]
[WhiteElo "2522"]
[BlackElo "2834"]
[WhiteTeam "Estonia Horses"]
[BlackTeam "Norway Gnomes"]
[WhiteFideId "4500024"]
[BlackFideId "1503014"]
[EventDate "2018.01.18"]

1. d4 c6 2. Nf3 Na6 3. e4 g6 4. Nc3 Nc7 5. Bf4 Bg7 6. Bc4 d6 7. O-O Nf6 8. a4
O-O 9. h3 Nxe4 10. Nxe4 d5 11. Bd3 Ne6 12. Be5 Bxe5 13. dxe5 dxe4 14. Bxe4 Qxd1
15. Rfxd1 Nc5 16. Nd2 Rd8 17. b4 Nxe4 18. Nxe4 Bf5 19. f3 Bxe4 20. fxe4 Rxd1+
21. Rxd1 a5 22. Rd7 axb4 23. Rxe7 Rxa4 24. Rxb7 c5 25. Rb5 Ra1+ 26. Kh2 Rc1 27.
Rxc5 b3 28. Rb5 bxc2 29. Rc5 Kf8 30. Kg3 Ke7 31. Kg4 h6 32. Kg3 Kd7 33. Kg4 Ke6
34. Kg3 Re1 35. Rxc2 Rxe4 36. Rc6+ Kxe5 37. Rc7 Kf6 38. h4 Ra4 39. Rb7 Re4 40.
Rb6+ Re6 41. Rb7 Re7 42. Rb6+ Kg7 43. Kf3 Ra7 44. g3 Ra3+ 45. Kf4 Ra1 46. Kf3
Rf1+ 47. Kg2 Rf6 48. Rb7 Re6 49. Rb5 Kf6 50. Kf3 Ra6 51. Kf4 Ke6 52. Re5+ Kd6
53. Re8 Ra4+ 54. Kf3 Ra5 55. Rh8 Rh5 56. Re8 Rf5+ 57. Kg2 Kd7 58. Rh8 h5 59. Ra8
Rd5 60. Ra6 Rd6 61. Ra7+ Ke6 62. Kf3 Rd3+ 63. Kf4 Rd4+ 64. Kf3 Rd5 65. Kf4 Rf5+
66. Ke4 Rf1 67. Ra6+ Ke7 68. Ra7+ Kf6 69. Ra6+ Kg7 70. Ke3 f6 71. Ra7+ Kh6 72.
Ra5 g5 73. Ke2 Rb1 74. hxg5+ fxg5 75. Ra6+ Kg7 76. Kf3 Rb3+ 77. Kf2 Rb5 78. Kf3
Rf5+ 79. Kg2 Rf6 80. Ra7+ Kg6 81. Ra8 Rb6 82. Kh3 Re6 83. Rg8+ Kf5 84. g4+ hxg4+
85. Kg2 Re2+ 86. Kg3 Re3+ 87. Kg2 g3 88. Ra8 Kg4 89. Ra4+ Kh5 90. Rb4 Ra3 91.
Rc4 Re3 92. Ra4 Kg6 93. Rb4 Kf5 94. Rb5+ Kf4 95. Rb4+ Re4 96. Rxe4+ Kxe4 97.
Kxg3 Kf5 98. Kf3 g4+ 99. Kg3 Kg5 100. Kg2 Kf4 101. Kf2 Ke5 102. Kg3 Kd6 103.
Kxg4 1/2-1/2

[Event "PRO League Group Stage"]
[Site "chess.com INT"]
[Date "2018.03.07"]
[Round "9"]
[White "Ladva, Ottomar"]
[Black "Abdrlauf, Elham"]
[Result "1-0"]
[WhiteTitle "GM"]
[WhiteElo "2522"]
[BlackElo "2073"]
[WhiteTeam "Estonia Horses"]
[BlackTeam "Norway Gnomes"]
[WhiteFideId "4500024"]
[BlackFideId "1533533"]
[EventDate "2018.01.18"]

1. g3 g6 2. Bg2 Bg7 3. d4 d5 4. Nf3 Nf6 5. O-O O-O 6. Nbd2 Nc6 7. b3 Ne4 8. Bb2
a5 9. c4 Nxd2 10. Qxd2 dxc4 11. bxc4 Bg4 12. Rfd1 e6 13. h3 Bf5 14. Nh4 g5 15.
Nxf5 exf5 16. Rab1 Qe7 17. Qd3 Rad8 18. Bxc6 bxc6 19. Ba3 Qe6 20. Bxf8 Rxd4 21.
Qe3 Rxd1+ 22. Rxd1 Qxe3 23. fxe3 Kxf8 24. Rf1 g4 25. Rxf5 gxh3 26. Rxa5 Bh6 27.
Kh2 Bxe3 28. Ra6 Bb6 29. a4 1-0

[Event "PRO League Group Stage"]
[Site "chess.com INT"]
[Date "2018.03.07"]
[Round "9"]
[White "Ivlev, Aleksey"]
[Black "Gupta, Abhijeet"]
[Result "0-1"]
[WhiteTitle "FM"]
[BlackTitle "GM"]
[WhiteElo "2300"]
[BlackElo "2610"]
[WhiteTeam "Volga Stormbringers"]
[BlackTeam "Delhi Dynamite"]
[WhiteFideId "24185949"]
[BlackFideId "5010608"]
[EventDate "2018.01.18"]

1. d4 Nf6 2. c4 g6 3. Nc3 d5 4. cxd5 Nxd5 5. e4 Nxc3 6. bxc3 Bg7 7. Nf3 c5 8.
Rb1 O-O 9. Be2 b6 10. O-O Qc7 11. d5 Bxc3 12. Bc4 Bg7 13. Re1 Ba6 14. Bxa6 Nxa6
15. Bg5 Qd7 16. Qe2 Nc7 17. Red1 e5 18. dxe6 Qxe6 19. Bf4 Rac8 20. Rd6 Qe7 21.
Rbd1 Ne6 22. Be3 Nd4 23. Bxd4 cxd4 24. e5 Rfd8 25. R6xd4 Rxd4 26. Rxd4 Rc1+ 27.
Rd1 Rxd1+ 28. Qxd1 Bxe5 29. Qd5 Bf6 30. g3 Kg7 31. Kg2 h6 32. Nd2 Qd8 33. Qxd8
Bxd8 34. Kf3 Kf6 35. Ke4 Ke6 36. Kd4 f5 37. Nb1 b5 38. f3 Bb6+ 39. Kd3 Bg1 40.
h3 Bh2 41. g4 Be5 42. Nd2 Kd5 43. Nf1 Bf4 44. h4 fxg4 45. fxg4 g5 46. h5 a5 47.
a3 Ke5 0-1

[Event "PRO League Group Stage"]
[Site "chess.com INT"]
[Date "2018.03.07"]
[Round "9"]
[White "Ivlev, Aleksey"]
[Black "Tania, Sachdev"]
[Result "1-0"]
[WhiteTitle "FM"]
[BlackTitle "IM"]
[WhiteElo "2300"]
[BlackElo "2402"]
[WhiteTeam "Volga Stormbringers"]
[BlackTeam "Delhi Dynamite"]
[WhiteFideId "24185949"]
[BlackFideId "5007844"]
[EventDate "2018.01.18"]

1. d4 Nf6 2. Nf3 e6 3. c4 b6 4. g3 Bb7 5. Bg2 Be7 6. O-O O-O 7. d5 exd5 8. Nh4
c6 9. cxd5 Nxd5 10. Nf5 Nc7 11. Nc3 d5 12. e4 Bf6 13. Qg4 d4 14. Rd1 Ne6 15. f4
g6 16. e5 h5 17. Nh6+ Kh7 18. Qe2 Bg7 19. Nf5 gxf5 20. Qxh5+ Kg8 21. Qxf5 Nc5
22. Ne4 Nxe4 23. Bxe4 Re8 24. Be3 Qc8 25. Qh7+ Kf8 26. f5 Rxe5 27. Bh6 Rxe4 28.
f6 Rg4 29. Qh8# 1-0